Pays de fiction ou non ? - Statistiques

Statistiques générales
  • Ce quiz a été pris 148 fois
  • Le résultat moyen est 3 sur 9
Answers on the Grid
Answers color-coded by a green-red scale on the quiz's grid according to % correct below.
Zanzibar
Abyssinie
Yougoslavie
Siam
Syldavie
Angmar
Fou-nan
Illyrie
Brethil
Marathe
Azerbaïdjan
Timor-Est
Bordurie
Hambalapur
Arabie khémédite
Listenbourg
Ingrie du Nord
Kanem-Bornou
Atlantide
Marmatie
 
Statistiques - réponses
Réponse % Correct
Syldavie
81%
Angmar
40%
Atlantide
40%
Listenbourg
40%
Bordurie
39%
Brethil
25%
Hambalapur
25%
Arabie khémédite
14%
Marathe
14%
Aucun quiz correspondant
Distribution des résultats
% des personnes avec chaque résultat
Percentile par nombre de réponses
Votre historique - résultats
Vous n’avez pas pris ce quiz